Statistics for Largest Airlines at Airports #2

Click here to take the quiz!

General Stats

  • This quiz has been taken 136 times
  • The average score is 23 of 30

Answer Stats

City/AirportAirline% Correct
AmsterdamKLM
97%
Beijing (Capital)Air China
92%
AnchorageAlaska
92%
DubaiEmirates
92%
London (Heathrow)British Airways
90%
FrankfurtLufthansa
90%
Toronto (Pearson)Air Canada
89%
MiamiAmerican
88%
DublinAer Lingus
87%
VancouverAir Canada
87%
SydneyQantas
87%
Washington (Dulles)United
87%
New York (LaGuardia)Delta
86%
Houston (Intercontinental)United
86%
Mexico CityAeromexico
85%
HelsinkiFinnair
85%
NewarkUnited
85%
Tokyo (Narita)All Nippon Airways
84%
Hong KongCathay Pacific
81%
Warsaw (Chopin)LOT Polish
81%
Shanghai (Pudong)China Eastern
75%
ZurichSwiss International
75%
BelgradeAir Serbia
72%
Sao Paulo (Guarulhos)LATAM
67%
Panama City (Tocumen)Copa
66%
Columbus (Glenn)Southwest
60%
CancunAmerican
51%
GuadalajaraVolaris
50%
Grand RapidsAllegiant
45%
MumbaiJet Airways
38%

Score Distribution

Percentile by Number Answered

Percent of People with Each Score

Your Score History

You have not taken this quiz